| 000 | 00677nam a2200217 4500 | ||
|---|---|---|---|
| 003 | OSt | ||
| 005 | 20240613014759.0 | ||
| 006 | a | ||
| 008 | 240613b |||||||| |||| 00| 0 eng d | ||
| 020 | _a9718510702 | ||
| 040 |
_aDWCL-Main lib. _cOC |
||
| 082 |
_2Fourth edition _aFil. 624.1 B554s 1999 |
||
| 100 | _aBesavilla, Venancio I, Jr. | ||
| 245 | _aStructural engineering and construction, volume 1 / | ||
| 250 | _aFourth edition | ||
| 260 |
_aCebu City : _bVIB Pub., _cc1999. |
||
| 300 |
_b685 p. : ill. ; _c22 cm. |
||
| 650 | _a1. Structural engineering-Problems, exercises, etc. | ||
| 700 | _aVenancio I, Jr. Besavilla | ||
| 942 |
_2ddc _n0 _cBK - FIL _eFourth edition _kFil. |
||
| 999 |
_c588 _d588 |
||